[Event "Budapest FS06 IM"]
[Site "Budapest"]
[Date "1997.??.??"]
[Round "9"]
[White "Aumann, Welf"]
[Black "Schlusnik, Nandor"]
[Result "1/2-1/2"]
[WhiteElo "2340"]
[BlackElo "2225"]
[PlyCount "61"]
[EventDate "1997.06.??"]
[EventType "tourn"]
[EventRounds "11"]
[EventCountry "HUN"]
[EventCategory "1"]
[SourceTitle "CBM 058 Extra"]
[Source "ChessBase"]
[SourceDate "1997.07.29"]
[SourceVersion "1"]
[SourceVersionDate "1997.07.29"]
[SourceQuality "1"]

1. c4 b6 2. Nc3 Bb7 3. e4 e6 4. Nf3 Bb4 5. Bd3 Ne7 6. 0-0 0-0 7. Re1 f5 8. exf5 Nxf5 9. Be4 Nc6 10. d4 Na5 11. Bxb7 Nxb7 12. Qd3 c5 13. d5 Nd4 14. Ng5 Rf5 15. dxe6 dxe6 16. Nxe6 Qh4 17. g3 Qh5 18. Nxd4 cxd4 19. a3 Raf8 20. Bf4 Bxc3 21. bxc3 Nc5 22. Qd1 Qg6 23. cxd4 Rxf4 24. dxc5 Rxf2 25. Re2 Qf5 26. cxb6 Rxe2 27. Qxe2 Qc5+ 28. Kh1 axb6 29. Rf1 Rxf1+ 30. Qxf1 Qxa3 31. Qe2 1/2-1/2

[Event "Papp Bela Memorial"]
[Site "Budapest"]
[Date "1997.??.??"]
[Round "?"]
[White "Borocz, Istvan"]
[Black "Schlusnik, Nandor"]
[Result "1/2-1/2"]
[WhiteElo "2420"]
[BlackElo "2225"]
[PlyCount "28"]
[EventDate "1997.??.??"]
[EventType "swiss"]
[EventRounds "11"]
[EventCountry "HUN"]
[SourceTitle "EXT 2002"]
[Source "ChessBase"]
[SourceDate "2001.11.25"]
[SourceVersion "1"]
[SourceVersionDate "2001.11.25"]
[SourceQuality "1"]

1. e4 c5 2. Nf3 h6 3. d4 cxd4 4. Nxd4 e5 5. Nf3 d6 6. Bc4 Nf6 7. Nc3 Be7 8. 0-0 0-0 9. h3 a6 10. Bb3 Nbd7 11. Re1 Qc7 12. a3 Nc5 13. Nd5 Nxd5 14. Bxd5 Rb8 1/2-1/2

[Event "Papp Bela Memorial"]
[Site "Budapest"]
[Date "1997.??.??"]
[Round "?"]
[White "Dudas, Janos"]
[Black "Schlusnik, Nandor"]
[Result "1-0"]
[WhiteElo "2410"]
[BlackElo "2225"]
[PlyCount "53"]
[EventDate "1997.??.??"]
[EventType "swiss"]
[EventRounds "11"]
[EventCountry "HUN"]
[SourceTitle "EXT 2002"]
[Source "ChessBase"]
[SourceDate "2001.11.25"]
[SourceVersion "1"]
[SourceVersionDate "2001.11.25"]
[SourceQuality "1"]

1. Nf3 d5 2. g3 c6 3. Bg2 Bg4 4. 0-0 Nd7 5. d3 e5 6. h3 Bxf3 7. Bxf3 Ngf6 8. Bg2 Bc5 9. Nd2 0-0 10. e4 dxe4 11. dxe4 Qc7 12. Qe2 Rfd8 13. h4 Nf8 14. Bh3 Qd6 15. Nb3 Bb6 16. a4 Ne6 17. Bg5 Nxg5 18. hxg5 Nd7 19. a5 Bc7 20. Rad1 Qe7 21. Qc4 Nb8 22. Rxd8+ Bxd8 23. Rd1 Bc7 24. Bc8 b5 25. Qd3 a6 26. Qe3 Bd8 27. Bb7 1-0

[Event "HUN-chT 9798"]
[Site "Hungary"]
[Date "1997.??.??"]
[Round "?"]
[White "Jamrich, Gyorgy"]
[Black "Schlusnik, Nandor"]
[Result "1-0"]
[WhiteElo "2235"]
[BlackElo "2225"]
[PlyCount "73"]
[EventDate "1997.??.??"]
[EventType "team"]
[EventRounds "12"]
[EventCountry "HUN"]
[SourceTitle "EXT 2000"]
[Source "ChessBase"]
[SourceDate "1999.11.16"]
[SourceVersion "1"]
[SourceVersionDate "1999.11.16"]
[SourceQuality "1"]

1. e4 c5 2. c3 d5 3. exd5 Qxd5 4. d4 Nf6 5. Nf3 Nc6 6. Be2 e6 7. Na3 Qd8 8. Nc2 Be7 9. 0-0 0-0 10. Bg5 Nd5 11. Bxe7 Qxe7 12. Re1 Rd8 13. Bf1 b6 14. Qe2 Bb7 15. c4 Nc7 16. d5 Na5 17. a3 Ba6 18. Qe4 Qf6 19. b4 exd5 20. cxd5 Bxf1 21. Kxf1 Re8 22. Qg4 Nb3 23. Rxe8+ Nxe8 24. Rd1 Qc3 25. Ne3 Nf6 26. Qg5 Re8 27. d6 h6 28. Qf4 Rd8 29. Nf5 cxb4 30. axb4 a5 31. bxa5 Nxa5 32. Ne5 Qb3 33. Re1 Qe6 34. Nc6 Nd5 35. Nfe7+ Kf8 36. Nxd5 Qxd6 37. Nxd8 1-0